Valid Countries by Mountain Range - Statistics

General Stats
  • This quiz has been taken 29 times
  • The average score is 16 of 20
Answer Stats
Mountain Ranges # Countries % Correct
Andes 7 Argentina | Bolivia | Chile | Colombia...
100%
Alps 9 Austria | France | Germany | Hungary...
100%
Himalayas 5 Bhutan | China | India | Nepal...
100%
Rockies 2 Canada | United States
100%
Pyrenees 3 Andorra | France | Spain
96%
Caucasus 4 Armenia | Azerbaijan | Georgia | Russia
96%
Urals 2 Kazakhstan | Russia
96%
Atlas 3 Algeria | Morocco | Tunisia
92%
Carpathians 8 Austria | Czech Republic | Hungary | Poland...
92%
Hindu Kush 3 Afghanistan | Pakistan | Tajikistan
88%
Great Dividing 1 Australia
81%
Apennines 2 Italy | San Marino
81%
Drakensberg 2 Lesotho | South Africa
69%
Southern Alps 1 New Zealand
69%
Pamirs 5 Afghanistan | China | Kyrgyzstan | Pakistan...
65%
Mid-Atlantic 5 Brazil | Iceland | Norway | Portugal...
65%
Zagros 3 Iran | Iraq | Turkey
65%
Dinaric Alps 8 Albania | Bosnia and Herzegovina | Croatia | Italy...
54%
Ghats 1 India
54%
Pontic 2 Georgia | Turkey
42%
No matching quizzes found
Score Distribution
Percent of People with Each Score
Percentile by Number Answered
Your Score History
You have not taken this quiz